Wszystkie miasta, do których lata Ryanair - Statystyki

Ogólne statystyki
  • Ten quiz został rozwiązany 103 razy
    102 od ostatniego zresetowania
  • Średni wynik to 73 z 192
Statystyki odpowiedzi
Kraj Miasto % Poprawnych
Austria Wiedeń
94%
Belgia Bruksela
93%
Bułgaria Sofia
92%
Grecja Ateny
88%
Czechy Praga
87%
Dania Kopenhaga
86%
Francja Paryż
86%
Estonia Tallinn
84%
Holandia Amsterdam
80%
Niemcy Berlin
80%
Irlandia Dublin
80%
Hiszpania Madryt
80%
Łotwa Ryga
80%
Grecja Saloniki
80%
Luksemburg Luksemburg
79%
Polska Warszawa
79%
Litwa Wilno
79%
Hiszpania Barcelona
78%
Polska Kraków
78%
Czarnogóra Podgorica
78%
Słowacja Bratysława
76%
Rumunia Bukareszt
76%
Malta Valletta
76%
Polska Gdańsk
75%
Polska Katowice
75%
Ukraina Kijów
75%
Portugalia Lizbona
75%
Norwegia Oslo
75%
Szwecja Sztokholm
75%
Polska Wrocław
75%
Wielka Brytania Londyn
74%
Polska Poznań
73%
Polska Rzeszów
73%
Niemcy Hamburg
72%
Francja Lyon
72%
Francja Marsylia
72%
Polska Szczecin
72%
Węgry Budapeszt
71%
Grecja Kos
71%
Polska Lublin
71%
Ukraina Lwów
71%
Portugalia Porto
71%
Włochy Rzym
71%
Włochy Mediolan
68%
Francja Nicea
68%
Polska Olsztyn
68%
Maroko Rabat
66%
Polska Bydgoszcz
65%
Niemcy Frankfurt
65%
Litwa Kowno
65%
Wielka Brytania Manchester
65%
Czechy Ostrawa
65%
Hiszpania Walencja
65%
Słowacja Koszyce
64%
Austria Salzburg
62%
Izrael Tel Awiw
62%
Czechy Brno
61%
Wielka Brytania Liverpool
61%
Polska Łódź
61%
Włochy Wenecja
61%
Szwecja Malmo
60%
Cypr Larnaka
59%
Hiszpania Sewilla
59%
Wielka Brytania Edynburg
58%
Wielka Brytania Birmingham
56%
Ukraina Charków
56%
Włochy Turyn
56%
Szwecja Goteborg
55%
Niemcy Kolonia
53%
Bułgaria Warna
53%
Wielka Brytania Glasgow
52%
Bułgaria Burgas
51%
Irlandia Cork
51%
Francja Bordeaux
49%
Chorwacja Zadar
49%
Jordania Amman
48%
Włochy Bari
48%
Hiszpania Malaga
48%
Maroko Marrakesz
48%
Niemcy Stuttgart
48%
Niemcy Dortmund
47%
Holandia Eindhoven
47%
Rumunia Kluż-Napoka
46%
Cypr Pafos
46%
Hiszpania Alicante
45%
Wielka Brytania Belfast
45%
Włochy Palermo
45%
Hiszpania Teneryfa
41%
Francja Tuluza
41%
Wielka Brytania Cardiff
40%
Francja Lille
40%
Chorwacja Rijeka
39%
Dania Aarhus
38%
Włochy Bolonia
38%
Francja Nantes
38%
Dania Billund
36%
Włochy Katania
36%
Hiszpania Palma
36%
Szwajcaria Bazylea
35%
Włochy Genua
35%
Grecja Rodos
34%
Portugalia Faro
33%
Hiszpania Girona
33%
Hiszpania Saragossa
33%
Włochy Piza
31%
Bośnia i Hercegowina Banja Luka
29%
Niemcy Brema
29%
Grecja Chania
29%
Wielka Brytania Leeds
29%
Grecja Korfu
27%
Chorwacja Pula
27%
Maroko Agadir
26%
Wielka Brytania Newcastle
26%
Bułgaria Płowdiw
26%
Wielka Brytania Bristol
25%
Włochy Werona
24%
Finlandia Tampere
22%
Francja Brest
21%
Portugalia Funchal
21%
Hiszpania Ibiza
21%
Niemcy Norymberga
21%
Hiszpania Vigo
21%
Grecja Santorini
20%
Wielka Brytania Aberdeen
19%
Francja Grenoble
19%
Maroko Fez
18%
Rumunia Oradea
16%
Włochy Cagliari
15%
Irlandia Shannon
15%
Hiszpania Murcja
14%
Serbia Nisz
14%
Hiszpania Gran Canaria
13%
Włochy Parma
12%
Rumunia Timisoara
12%
Niemcy Memmingen
11%
Hiszpania Santiago de Compostela
11%
Maroko Tanger
11%
Włochy Triest
11%
Włochy Ankona
9%
Hiszpania Lanzarote
9%
Holandia Maastricht
9%
Szwecja Vaxjo
9%
Wielka Brytania Bournemouth
8%
Hiszpania Fuerteventura
8%
Hiszpania Santander
8%
Jordania Akaba
7%
Włochy Alghero
7%
Włochy Perugia
7%
Włochy Brindisi
6%
Irlandia Kerry
6%
Włochy Pescara
6%
Turcja Dalaman
5%
Francja Lourdes
5%
Grecja Mykonos
5%
Francja Nimes
5%
Francja Perpignan
5%
Portugalia Ponta Delgada
5%
Francja Biarritz
4%
Francja Carcassone
4%
Hiszpania Castellon
4%
Francja Clermont-Ferrand
4%
Wielka Brytania East Midlands
4%
Irlandia Knock
4%
Litwa Połąga
4%
Hiszpania Valladolid
4%
Niemcy Weeze
4%
Hiszpania Almeria
2%
Norwegia Haugesund
2%
Hiszpania Jerez
2%
Niemcy Karlsruhe
2%
Grecja Kefalonia
2%
Francja Lorient
2%
Maroko Nador
2%
Izrael Owda
2%
Francja Poitiers
2%
Włochy Trapani
2%
Francja Bergerac
1%
Włochy Crotone
1%
Francja Dinard
1%
Francja Limoges
1%
Wielka Brytania Londonderry
1%
Hiszpania Menorka
1%
Maroko Oujda
1%
Francja Tours
1%
Francja Beziers
0%
Włochy Comiso
0%
Włochy Cuneo
0%
Francja Dole
0%
Francja Figari
0%
Francja La Rochelle
0%
Wielka Brytania Newquay
0%
Francja Rodez
0%
Nie znaleziono quizów pasujących do podanych kryteriów
Rozkład punktacji
Procent ludzi z każdym wynikiem
Percentyl według liczby udzielonych odpowiedzi
Twoja historia wyników
Nie rozwiązałeś tego quizu od ostatniego zresetowania